00464 a2200121 450000500170000002000180001710000210003524500880005626000180014494200070016299900190016995201540018820250926115321.0 a9780143451112 aAroor S.9213445 aIndia's Most Fearless 3: New Military Stories Of Unimaginable Courage And sacrifice bPenguinc2022 cAR c367886d367886 00102ddc4070aCCEPbCCEPd2025-09-30e63g280.00l5o823.3 AROpCCEP-BK-69573q2026-04-08r2026-03-25 15:32:02s2026-03-25v350.00w2025-09-30yBK